The impact of land use and climate change on Syria [abstract] /

Elmentve itt :
Bibliográfiai részletek
Szerzők: Naaouf Nour
Torma Csaba Zsolt
Elek István
Székely Balázs
Testületi szerző: Natural Hazards and Climate Change
Dokumentumtípus: Könyv része
Megjelent: Department of Geoinformatics, Physical and Environmental Geography University of Szeged Szeged 2023
Sorozat:Natural Hazards and Climate Change : conference and workshop for identifying and tackling challenges together
Kulcsszavak:Éghajlati változás hatása - Szíria - előadáskivonat
Tárgyszavak:
Online Access:http://acta.bibl.u-szeged.hu/83973
LEADER 01128naa a2200253 i 4500
001 acta83973
005 20240311122019.0
008 240311s2023 hu o 1|| eng d
020 |a 978-963-306-930-1 
040 |a SZTE Egyetemi Kiadványok Repozitórium  |b hun 
041 |a eng 
100 1 |a Naaouf Nour 
245 1 4 |a The impact of land use and climate change on Syria   |h [elektronikus dokumentum] :  |b [abstract] /  |c  Naaouf Nour 
260 |a Department of Geoinformatics, Physical and Environmental Geography University of Szeged  |b Szeged  |c 2023 
300 |a 60 
490 0 |a Natural Hazards and Climate Change : conference and workshop for identifying and tackling challenges together 
650 4 |a Természettudományok 
650 4 |a Föld- és kapcsolódó környezettudományok 
695 |a Éghajlati változás hatása - Szíria - előadáskivonat 
700 0 1 |a Torma Csaba Zsolt  |e aut 
700 0 1 |a Elek István  |e aut 
700 0 1 |a Székely Balázs  |e aut 
711 |a Natural Hazards and Climate Change  |c Szeged  |d 2023. március 23-24. 
856 4 0 |u http://acta.bibl.u-szeged.hu/83973/1/nhacc_konf_2023_060.pdf  |z Dokumentum-elérés